[Event "3rd UKR Games Women"]
[Site "Evpatoria UKR"]
[Date "2007.05.23"]
[Round "5"]
[White "Matjushina,Z"]
[Black "Hrabinska,M"]
[Result "0-1"]
[WhiteElo "2179"]
[BlackElo "2289"]

1.e4 c5 2.Nf3 e6 3.d4 cxd4 4.Nxd4 a6 5.Bd3 Nc6 6.Nxc6 bxc6 7.O-O e5 8.c4 Nf6
9.Nc3 Bc5 10.Qe2 O-O 11.Be3 Qe7 12.Na4 Bxe3 13.Qxe3 d6 14.Be2 c5 15.Rfd1 Bb7
16.Nc3 Rfd8 17.Rd2 Ne8 18.Rad1 Nc7 19.Bg4 a5 20.a4 h5 21.Bh3 Bc6 22.Nb5 Ne8
23.Rd3 Ra6 24.f3 Ba8 25.Qd2 g6 26.Qh6 Qh4 27.Qd2 Kg7 28.Qc1 Kf8 29.Qd2 Ke7
30.Qf2 Qxf2+ 31.Kxf2 Ng7 32.g3 f5 33.Ke3 Rb6 34.R1d2 Bb7 35.Bg2 fxe4 36.fxe4 Ne6
37.Rf2 Nd4 38.Rd1 Bc8 39.Rdf1 Be6 40.Kd3 Rbb8 41.Rf6 Rg8 42.R1f2 Rbd8 43.Bh3 Bf5
44.R6xf5 gxf5 45.exf5 Kf6 46.Ke4 d5+ 47.cxd5 Nxb5 48.axb5 Rb8 49.d6 Rxb5
50.Kd5 Rb4  0-1

[Event "50th TCh-SRB Cup"]
[Site "Mataruska Banja SRB"]
[Date "2007.05.24"]
[Round "4"]
[White "Popovic,Du"]
[Black "Damljanovic,B"]
[Result "0-1"]
[WhiteElo "2557"]
[BlackElo "2585"]

1.e4 c5 2.Nf3 e6 3.d4 cxd4 4.Nxd4 a6 5.Bd3 Nf6 6.Qe2 d6 7.O-O Nbd7 8.c4 b6
9.Nc3 Bb7 10.Nf3 Be7 11.Rd1 O-O 12.h3 Qc7 13.Bf4 Rac8 14.Rac1 Qb8 15.a3 Rfd8
16.b4 Nf8 17.Qe3 Ng6 18.Bg3 Nd7 19.Bf1 Ba8 20.Rc2 h6 21.c5 bxc5 22.Bxa6 Bb7
23.Bxb7 Qxb7 24.Bxd6 Bxd6 25.Rxd6 cxb4 26.axb4 Qxb4 27.Qd4 Qxd4 28.Rxd4 Nde5
29.Rxd8+ Rxd8 30.Nxe5 Nxe5 31.Kf1 g5 32.Ke2 h5 33.Nd1 Rd4 34.f3 Ng6 35.Nf2 Nf4+
36.Kf1 Ra4 37.Rd2 Ra1+ 38.Rd1 Ra2 39.Rb1 Kg7 40.Rd1 Kf6 41.Rb1 Ne2 42.Rd1 Ng3+
43.Kg1 Ke7 44.Rd3 h4 45.Rd1 Ne2+ 46.Kf1 Nf4 47.Kg1 f5 48.exf5 exf5 49.Kf1 Kf6
50.Rd6+ Ke5 51.Rd1 Ke6 52.Kg1 Ne2+ 53.Kf1 Nc3 54.Rc1 Nd5 55.Re1+ Kf6 56.Kg1 Nb4
57.Rb1 Nc2 58.Rc1 Ke5 59.Rd1 Ne3 60.Rb1 Rd2 61.Ra1 Rc2 62.Nd3+ Kd4 63.Nf2 Nd5
64.Rd1+ Kc4 65.Re1 Nf4 66.Rd1 Ne2+ 67.Kf1 Ng3+ 68.Kg1 Ra2 69.Nh1 Ne2+ 70.Kf1 Nc3
71.Re1 Kd3 72.Nf2+ Kd2 73.Nd1 Ra1 74.Nxc3 Rxe1+ 75.Kf2 Re5  0-1

[Event "3rd UKR Games Women"]
[Site "Evpatoria UKR"]
[Date "2007.05.25"]
[Round "7"]
[White "Ivanenko,O2"]
[Black "Ivanenko,O1"]
[Result "1/2-1/2"]
[WhiteElo "2077"]
[BlackElo "2130"]

1.e4 c5 2.Nf3 e6 3.d4 cxd4 4.Nxd4 a6 5.Bd3 Nf6 6.O-O Qc7 7.Qe2 d6 8.c4 Be7
9.Nc3 O-O 10.Bd2 Nc6 11.Nc2 Ne5 12.f4 Nxd3 13.Qxd3 b6 14.Rae1 Bb7 15.Nd4 Nd7
16.b3 Bf6 17.Kh1 Rfe8 18.Be3 Rad8 19.Bg1 Nc5 20.Qc2 Rc8 21.Re2 Nd7 22.Rfe1 Qb8
23.Qd1 Nc5 24.Qd2 Red8 25.Rd1 g6  1/2-1/2

[Event "XXII Felix Cup"]
[Site "Felix Spa ROM"]
[Date "2007.05.25"]
[Round "1"]
[White "Butunoi,A"]
[Black "Ursente,T"]
[Result "1-0"]
[WhiteElo "2420"]
[BlackElo "1859"]

1.e4 c5 2.Nf3 e6 3.d4 cxd4 4.Nxd4 a6 5.Bd3 Nc6 6.Nxc6 dxc6 7.O-O Nf6 8.e5 Nd5
9.a3 b5 10.Kh1 Bc5 11.Qg4 g6 12.Nd2 Bb7 13.Ne4 Be7 14.Bh6 Qc7 15.Qg3 c5 16.c4 bxc4
17.Bxc4 Nb6 18.Bd3 Bxe4 19.Bxe4 Rd8 20.Rac1 Bf8 21.Bg5 Be7 22.Bxe7 Qxe7 23.Bc6+ Kf8
24.Qe3 Kg7 25.Rxc5 Rc8 26.Rfc1 Nd7 27.R5c3 Rc7 28.g3 Rhc8 29.b4 Nb8 30.Be4 Rxc3
31.Rxc3 Rxc3 32.Qxc3 Qd7 33.Kg2 Qb5 34.Qc7 a5 35.Qxa5 Qxa5 36.bxa5 Na6 37.Bb7 Nc5
38.a6  1-0

[Event "XXII Felix Cup"]
[Site "Felix Spa ROM"]
[Date "2007.05.26"]
[Round "3"]
[White "Pop,I"]
[Black "Bulmaga,I"]
[Result "0-1"]
[WhiteElo "1849"]
[BlackElo "2149"]

1.e4 c5 2.Nf3 e6 3.d4 cxd4 4.Nxd4 a6 5.Bd3 Nf6 6.O-O d6 7.Be3 Be7 8.Nc3 b5
9.a3 Bb7 10.f4 Qc7 11.Kh1 Nbd7 12.Qe2 O-O 13.Bg1 Rac8 14.Rae1 g6 15.e5 Nd5
16.Nxd5 Bxd5 17.Nf3 Nc5 18.Bxc5 Qxc5 19.exd6 Bxd6 20.Ne5 Bxe5 21.Qxe5 Bc4
22.Qxc5 Rxc5 23.Bxc4 Rxc4 24.c3 Rd8 25.Re2 Rxf4 26.Kg1 Rxf1+ 27.Kxf1 Rd5
28.Ke1 Kf8 29.Re4 Ke7 30.a4 f5 31.Rb4 Kd6 32.Ke2 e5 33.g4 e4 34.gxf5 gxf5
35.Ke3 Ke5 36.c4 f4+ 37.Ke2 f3+ 38.Ke1 bxc4 39.Rxc4 e3  0-1

[Event "Okie Masters"]
[Site "Tulsa USA"]
[Date "2007.05.26"]
[Round "1"]
[White "Bayaraa,Z"]
[Black "Chua,A"]
[Result "0-1"]
[WhiteElo "2155"]
[BlackElo "2228"]

1.e4 c5 2.Nf3 e6 3.d4 cxd4 4.Nxd4 a6 5.Bd3 Qc7 6.c4 Nc6 7.Nxc6 dxc6 8.Be3 Nf6
9.O-O e5 10.Nc3 Ng4 11.Bd2 Bc5 12.Qf3 Be6 13.h3 Nf6 14.Ne2 O-O-O 15.Rfd1 Rd7
16.b4 Rhd8 17.Bc3 Bxc4 18.bxc5 Rxd3 19.Rxd3 Rxd3 20.Qf5+ Qd7 21.Bxe5 Qxf5
22.exf5 Rd5 23.Bxf6 gxf6 24.Ng3 Rxc5 25.Ne4 Rd5 26.g4 h6 27.Nxf6 Rd3 28.Kg2 Ra3
29.Re1 Bxa2 30.h4 b5 31.g5 hxg5 32.h5 Ra4 33.h6 Rh4 34.Rh1 Rxh6 35.Rxh6 a5
36.Kf1 b4 37.Ne4 Bd5 38.Nd2 a4 39.Ke2 a3 40.f3 a2 41.Rh1 b3 42.Nxb3 Bxb3
43.Ra1 Kd7  0-1

[Event "XXII Felix Cup"]
[Site "Felix Spa ROM"]
[Date "2007.05.28"]
[Round "6"]
[White "Szabo,At1"]
[Black "Manolache,M"]
[Result "1/2-1/2"]
[WhiteElo "2381"]
[BlackElo "2504"]

1.e4 c5 2.Nf3 e6 3.d4 cxd4 4.Nxd4 a6 5.Bd3 d6 6.O-O g6 7.b3 Bg7 8.Bb2 Nf6
9.c4 O-O 10.Re1 Nbd7 11.Nc3 Nc5 12.Bf1 Qb6 13.Qd2 Bd7 14.Rad1 Rad8 15.Qc2 Rc8
16.Kh1 e5 17.Nf3 Bg4 18.Be2 Ne6 19.Kg1 Rfe8 20.h3 Bxf3 21.Bxf3 Nd4 22.Qd3 Qa5
23.Be2 b5 24.cxb5 axb5 25.Bf1 b4 26.Na4 Nd7 27.Qa6 Qc7 28.Rc1 Nc5 29.Qb6 Qxb6
30.Nxb6 Rc7 31.Nd5 Rb7 32.Rc4 Nc6 33.Bc1 Reb8 34.f3 Ra7 35.Re2 Nd4 36.Rb2 f5
37.exf5 gxf5 38.Nxb4 e4 39.Rd2 Nce6 40.Nc6 Nxc6 41.Rxc6 Bd4+ 42.Kh1 e3 43.Rd1 Rxa2
44.Bc4 e2 45.Re1 Kg7 46.Rxd6 Bc3 47.Rxe2 Rxe2 48.Bxe2 Rxb3 49.Rc6 Bd4 50.Bc4 Rb1
51.Bxe6 Be3 52.Bxf5 Rxc1+ 53.Rxc1 Bxc1 54.g3 h6 55.Kg2 Kf6 56.Bd7 Bd2 57.f4 Be1
58.Kf3 Kg7 59.Bc6 Kf6 60.Be4 Kg7 61.Bd3 Kf6 62.h4 Kg7 63.Kg4 Kf6 64.Be4 Kg7
65.Kh3 Bd2 66.Kg4  1/2-1/2

[Event "zt 2.3 w"]
[Site "Santo Domingo DOM"]
[Date "2007.05.31"]
[Round "4"]
[White "Guerrero Rodriguez,Alej"]
[Black "De la Cruz,M"]
[Result "1-0"]
[WhiteElo "2126"]
[BlackElo "2093"]

1.e4 c5 2.Nf3 e6 3.d4 cxd4 4.Nxd4 a6 5.Bd3 Qc7 6.O-O Nf6 7.Qe2 d6 8.c4 Nbd7
9.Nc3 b6 10.f4 Be7 11.Kh1 Bb7 12.Bd2 O-O 13.Rae1 g6 14.Nc2 Nc5 15.f5 Nxd3
16.Qxd3 Rfe8 17.fxe6 fxe6 18.Nd4 Bd8 19.b3 e5 20.Nf3 Qd7 21.Be3 Nh5 22.Nd5 b5
23.Ng5 Bxg5 24.Bxg5 Bxd5 25.Qxd5+ Qe6 26.Qxe6+ Rxe6 27.Rc1 Ree8 28.Rfd1 Re6
29.Rf1 Ree8 30.g3 Ng7 31.Rfd1 Ne6 32.Be3 Nc5 33.Bxc5 dxc5 34.Rd5 bxc4 35.Rxc4 Re6
36.Rcxc5 Rf6 37.Kg2 Raf8 38.Rc2 Re6 39.Rd7 Rf7 40.Rxf7 Kxf7 41.Rc7+ Re7 42.Rxe7+ Kxe7
43.Kf3 Kd6 44.Ke3 Kc5 45.a3 a5 46.Kd3 h6 47.h3 g5  1-0

[Event "35th World Open"]
[Site "King of Prussia USA"]
[Date "2007.06.01"]
[Round "3"]
[White "Morshedi,A"]
[Black "Bercys,S"]
[Result "1/2-1/2"]
[WhiteElo "2358"]
[BlackElo "2438"]

1.e4 c5 2.Nf3 e6 3.d4 cxd4 4.Nxd4 a6 5.Bd3 Bc5 6.Nb3 Ba7 7.Nc3 Ne7 8.Qe2 Nbc6
9.Bd2 e5 10.Nd5 d6 11.O-O Be6 12.c4 Nd4 13.Nxd4 Bxd4 14.Kh1 Nc6 15.Rac1 O-O
16.b4 Ba7 17.f4 exf4 18.Bxf4 Bd4 19.c5 dxc5 20.bxc5 Be5 21.Qh5 g6 22.Qf3 Bxf4
23.Qxf4 Bxd5 24.exd5 Qxd5 25.Bc4 Qe5 26.Bxf7+ Kg7 27.Qxe5+ Nxe5 28.Bd5 Rxf1+
29.Rxf1 Rc8  1/2-1/2

[Event "1st Alushta Summer"]
[Site "Alushta UKR"]
[Date "2007.06.02"]
[Round "1"]
[White "Tukhaev,A"]
[Black "Simonian,H"]
[Result "1-0"]
[WhiteElo "2466"]
[BlackElo "2402"]

1.e4 c5 2.Nf3 e6 3.d4 cxd4 4.Nxd4 a6 5.Bd3 Bc5 6.Nb3 Be7 7.Qg4 g6 8.Qe2 d6
9.O-O Nf6 10.Bh6 Rg8 11.Nc3 Nc6 12.f4 Qc7 13.Bg5 Nd7 14.Nd5 exd5 15.exd5 Nce5
16.Bxe7 Kxe7 17.fxe5 Qb6+ 18.Kh1 Nxe5 19.Rae1 Kf8 20.c4 Bg4 21.Qd2 Kg7 22.Qf4 Nxd3
23.Qxf7+ Kh6 24.Re7 Rh8 25.Qg7+ Kg5 26.h4+  1-0

[Event "FSIMA June"]
[Site "Budapest HUN"]
[Date "2007.06.02"]
[Round "1"]
[White "Lengyel,B"]
[Black "Luch,M"]
[Result "1/2-1/2"]
[WhiteElo "2324"]
[BlackElo "2336"]

1.e4 c5 2.Nf3 e6 3.d4 cxd4 4.Nxd4 a6 5.Bd3 Nf6 6.O-O Qc7 7.c4 Nc6 8.Nxc6 dxc6
9.f4 Bc5+ 10.Kh1 e5 11.f5 h5  1/2-1/2

[Event "XV Lasker Mem Open A"]
[Site "Barlinek POL"]
[Date "2007.06.03"]
[Round "2"]
[White "Vas,P SWE"]
[Black "Tokarski,L"]
[Result "0-1"]
[WhiteElo "2138"]
[BlackElo "2164"]

1.e4 c5 2.Nf3 e6 3.d4 cxd4 4.Nxd4 a6 5.Bd3 Ne7 6.c4 Nbc6 7.Nc2 g6 8.Nc3 Bg7
9.O-O O-O 10.Bg5 f5 11.Qd2 Ne5 12.Rab1 h6 13.Be3 f4 14.Bc5 h5 15.Rfd1 h4
16.Bf1 h3 17.Nd4 hxg2 18.Kxg2 d6 19.Nf3 Nxf3 20.Kxf3 Nc6 21.Qxd6 Qg5 22.Bb6 Qh5+
23.Kg2 f3+ 24.Kg1 Be5  0-1

[Event "XV Lasker Mem Open A"]
[Site "Barlinek POL"]
[Date "2007.06.03"]
[Round "2"]
[White "Tokarski,B"]
[Black "Kutsankov,V"]
[Result "1-0"]
[WhiteElo "2076"]
[BlackElo "2334"]

1.e4 c5 2.Nf3 e6 3.d4 cxd4 4.Nxd4 a6 5.Bd3 Nf6 6.O-O Qc7 7.Qe2 d6 8.f4 Nbd7
9.c4 Be7 10.Nc3 O-O 11.Kh1 Re8 12.Bd2 b6 13.Rae1 g6 14.e5 Nh5 15.Be4 Bb7
16.exd6 Bxd6 17.Ndb5 axb5 18.Nxb5 Qb8 19.Bxb7 Rxa2 20.Nxd6 Qxd6 21.Bc3 Nc5
22.Rd1 Qc7 23.Bf3 Nxf4 24.Qe3 g5 25.g3 Ng6 26.Qxg5 e5 27.Bd5 Ne6 28.Qg4 Ra4
29.h4 h5 30.Qxh5 Rxc4 31.Bxc4 Qxc4 32.Qf3 Nd4 33.Bxd4 exd4 34.Rxd4 Qe6 35.Rg4 Kg7
36.Kg2 Rh8 37.Re4 Qd5 38.Re3 Qb5 39.Qxf7+ Kh6 40.Rf6 Rg8 41.Qxg8  1-0

[Event "ch-Skopje"]
[Site "Skopje MKD"]
[Date "2007.06.03"]
[Round "5"]
[White "Dinev,De"]
[Black "Andonovski,L"]
[Result "1-0"]
[WhiteElo "2298"]
[BlackElo "2322"]

1.e4 c5 2.Nf3 e6 3.d4 cxd4 4.Nxd4 a6 5.Bd3 Bc5 6.Nb3 Ba7 7.O-O Nc6 8.Nc3 Nf6
9.a4 O-O 10.Bg5 Ne5 11.Kh1 Ng6 12.f4 h6 13.f5 Ne5 14.Bh4 d6 15.Be2 Be3 16.Qe1 Bg5
17.Bxg5 hxg5 18.Qg3 g4 19.Rad1 Qc7 20.h3 exf5 21.exf5 gxh3 22.gxh3 Bd7 23.Rf4 Bc6+
24.Kh2 Qd8 25.Rg1 Ne8 26.Nd4 Nd7 27.f6 Ndxf6 28.Nf5 g6 29.Qh4 Bd7 30.Nxd6 Nxd6
31.Rxf6 Nf5 32.Rgxg6+ fxg6 33.Rxg6+ Ng7 34.Bc4+ Rf7 35.Qg3 Qf8 36.Ne4 Kh7
37.Bxf7 Qxf7 38.Nf6+  1-0

[Event "TCh-BIH"]
[Site "Vogosca BIH"]
[Date "2007.06.03"]
[Round "2"]
[White "Bilic,V"]
[Black "Bilobrk,F"]
[Result "1/2-1/2"]
[WhiteElo "2257"]
[BlackElo "2384"]

1.e4 c5 2.Nf3 e6 3.d4 cxd4 4.Nxd4 a6 5.Bd3 Bc5 6.Nb3 Ba7 7.O-O Nc6 8.Qe2 Nge7
9.Be3 O-O 10.Bxa7 Rxa7 11.Nc3 b5 12.e5 Ng6 13.f4 d6 14.exd6 Qxd6 15.Rad1 Qb8
16.g3 Nb4 17.Be4 Bb7 18.a3 Bxe4 19.Qxe4 Qb6+ 20.Qd4 Qxd4+ 21.Nxd4 Nd5 22.Nxd5 exd5
23.Nf5 Rd8 24.Rf2 Ne7 25.Ne3 Rad7 26.Rfd2 d4 27.Rd3 Nc6 28.c3 g6 29.Nc2 Re8
30.cxd4 Na5 31.Ne3 Re4 32.Kf2 Kg7 33.b4 Nb7 34.d5 Nd6 35.Rc1 a5 36.bxa5 Ra4
37.Kf3 Rxa5 38.g4 h6 39.Rc6 Ra4 40.Rb6 Ra5 41.Rc3 Ra4 42.h4 Ne4 43.Rd3 Nc5
44.Rc3 Ne4 45.Rd3  1/2-1/2

[Event "TCh-BIH"]
[Site "Vogosca BIH"]
[Date "2007.06.03"]
[Round "2"]
[White "Gavric,M"]
[Black "Predojevic,B"]
[Result "0-1"]
[WhiteElo "2391"]
[BlackElo "2609"]

1.e4 c5 2.Nf3 e6 3.d4 cxd4 4.Nxd4 a6 5.Bd3 Nf6 6.O-O d6 7.c4 b6 8.Nc3 Bb7
9.Qe2 Nbd7 10.Bd2 g6 11.b4 Bg7 12.Nb3 O-O 13.Rac1 Ne5 14.Rfd1 Rc8 15.Bf4 Nh5
16.Be3 f5 17.exf5 Qh4 18.f3 gxf5 19.Nd2 Rf6 20.c5 Nf4 21.Bxf4 Qxf4 22.Bxa6 Bxa6
23.Qxa6 Rcf8 24.Qe2 bxc5 25.bxc5 dxc5 26.Nf1 c4 27.Qd2 Qh4 28.Ne2 Rg6 29.Qf4 Qf6
30.Rc3 Nd3 31.Qxc4 Nb2  0-1

[Event "XV Lasker Mem Open A"]
[Site "Barlinek POL"]
[Date "2007.06.06"]
[Round "5"]
[White "Galazewski,T"]
[Black "Gasik,An"]
[Result "1-0"]
[WhiteElo "2232"]
[BlackElo "2200"]

1.e4 c5 2.Nf3 e6 3.d4 cxd4 4.Nxd4 a6 5.Bd3 Nf6 6.O-O d6 7.Nc3 Qc7 8.Bg5 Be7
9.Qe2 Nbd7 10.Rae1 b5 11.a4 b4 12.Na2 Bb7 13.Kh1 Nc5 14.Nxb4 Nxd3 15.Qxd3 Nxe4
16.Bxe7 Qxe7 17.Rxe4 d5 18.Rf4 Qxb4 19.Nxe6 Qd6 20.Nxg7+ Kf8 21.Qf5 Qg6 22.Ne6+ Ke7
23.Ng5 Bc8 24.Re1+ Be6 25.Qxf7+  1-0

[Event "Baden Challenge III"]
[Site "Neuhausen GER"]
[Date "2007.06.07"]
[Round "4"]
[White "Strohhaeker,Rao"]
[Black "Mutschnik,I"]
[Result "1-0"]
[WhiteElo "2391"]
[BlackElo "2445"]

1.e4 c5 2.Nf3 e6 3.d4 cxd4 4.Nxd4 a6 5.Bd3 Nf6 6.O-O Qc7 7.c4 Nc6 8.Nb3 Ne5
9.Nc3 Nxc4 10.Bxc4 Qxc4 11.Re1 d6 12.Bg5 Be7 13.Rc1 Qb4 14.Bd2 Qb6 15.Na4 Qa7
16.Be3 Qb8 17.Nb6 O-O 18.Nxa8 Qxa8 19.Bb6 e5 20.Na5 Ne8 21.Nc4 Be6 22.b3 f5
23.exf5 Rxf5 24.Ne3 Rf7 25.Nd5 Bd8 26.Bxd8 Qxd8 27.Qd2 Kh8 28.f4 Rd7 29.Nc3 Nf6
30.Ne4 Nxe4 31.Rxe4 h6 32.fxe5 dxe5 33.Qe1 Rd2 34.Rxe5 Qd4+ 35.Qe3 Qxe3+
36.Rxe3 Bd5 37.Rg3 Bc6 38.a4 g5 39.h3 Kg7 40.h4 Kg6 41.Rc5 Bd5 42.Rc7 Bc6
43.Rc8 Bd5 44.Kh2 Kf6 45.Rh8 Kg6 46.Rd8 Kf5 47.h5 Rd4 48.Rd6 Rh4+ 49.Rh3 Bxb3
50.Rxh4 gxh4 51.Rxh6 Bxa4 52.Rd6 Kg5 53.Rd5+ Kh6 54.Kh3 Bc6 55.Re5 Kh7 56.Kxh4 Bxg2
57.Kg5 Bf1 58.Re7+ Kg8 59.Re3 Bc4 60.h6 Ba2 61.Re8+ Kh7 62.Re7+ Kh8 63.h7  1-0

[Event "Baden Challenge III"]
[Site "Neuhausen GER"]
[Date "2007.06.07"]
[Round "5"]
[White "Brener,I"]
[Black "Strohhaeker,Rao"]
[Result "0-1"]
[WhiteElo "2413"]
[BlackElo "2391"]

1.e4 c5 2.Nf3 e6 3.d4 cxd4 4.Nxd4 a6 5.Bd3 Nf6 6.O-O Qc7 7.Qe2 Nc6 8.Nxc6 dxc6
9.e5 Nd5 10.a4 Bd7 11.Na3 c5 12.Nc4 Be7 13.Rd1 O-O 14.Qe4 g6 15.Bf1 Bc6 16.Qe1 b5
17.Nd6 c4 18.b3 cxb3 19.cxb3 Bxd6 20.exd6 Qxd6 21.Bb2 Rfe8 22.Rd3 bxa4 23.Qd2 Bb5
24.Ba3 Qb8 25.bxa4 Bxd3 26.Qxd3 Qe5 27.Rc1 a5 28.Qd2 Qf4 29.Qe1 Qxa4 30.Bb2 Qb4
31.Qe5 f6 32.Qe2 Nf4 33.Qc2 Rac8 34.Qxc8 Rxc8 35.Rxc8+ Kf7 36.Rc7+ Ke8 37.Bxf6 Qb1
38.g3 Nd5 39.Rc8+ Kd7 40.Rd8+ Kc7 41.Bh4 h6  0-1

[Event "Xose Enrique Rodriguez Pena Mem"]
[Site "Ourense ESP"]
[Date "2007.06.08"]
[Round "2"]
[White "Guliyev,N"]
[Black "Korneev,O"]
[Result "1-0"]
[WhiteElo "2590"]
[BlackElo "2565"]

1.e4 c5 2.Nf3 e6 3.d4 cxd4 4.Nxd4 a6 5.Bd3 Qb6 6.Nb3 Qc7 7.O-O Nf6 8.f4 d6
9.a4 Be7 10.a5 e5 11.Nc3 Nbd7 12.Be3 O-O 13.Kh1 exf4 14.Rxf4 Ne5 15.Bb6 Qd7
16.Nd4 Qe8 17.Nf5 Bxf5 18.Rxf5 Qd7 19.Qe2 Rae8 20.Qf2 g6 21.Qg3 Nfg4 22.Rff1 Nxd3
23.cxd3 Bf6 24.h3 Bxc3 25.bxc3 Ne5 26.c4 f6 27.Bd4 Kg7 28.Rab1 Rc8 29.Rb6 Rc6
30.Rb2 Rf7 31.Rbf2 Rc8 32.c5 Re8 33.cxd6 Qxd6 34.Ba1 Qe6 35.Bc3 h6 36.Rf5 Nd7
37.Rd5 Ne5 38.Rxf6 Qxf6 39.Rxe5  1-0

[Event "zt 2.3"]
[Site "Santo Domingo DOM"]
[Date "2007.06.08"]
[Round "11"]
[White "Mendoza,Raf"]
[Black "Gonzalez Zamora,J"]
[Result "0-1"]
[WhiteElo "2390"]
[BlackElo "2537"]

1.e4 c5 2.Nf3 e6 3.d4 cxd4 4.Nxd4 a6 5.Bd3 Bc5 6.Nb3 Ba7 7.Nc3 Nc6 8.Qe2 d6
9.Be3 Nge7 10.O-O e5 11.Bxa7 Rxa7 12.Qe3 Be6 13.Rfd1 b5 14.Bf1 O-O 15.Nd5 f5
16.Nxe7+ Rxe7 17.exf5 Bxf5 18.Bd3 e4 19.Be2 Ne5 20.Nd4 Bg6 21.a4 bxa4 22.Rxa4 a5
23.Rda1 d5 24.Rxa5 Nf3+ 25.Bxf3 exf3 26.Ra8 Qxa8 27.Rxa8 Rxa8 28.Qc1 Rea7
29.Nb3 Be4 30.gxf3 Bxf3 31.h4 Ra4 32.Qe3 Rg4+ 33.Kh2 Rf8 34.Qe6+ Kh8 35.Qe7 Rgf4
36.Nd4 R4f7 37.Qe5 Be4 38.f3 Bxf3 39.Ne6 Re8 40.Ng5 Rff8 41.Qd4 Be4 42.c4 h6
43.Nh3 dxc4 44.Qxc4 Rf6 45.b4 Rc6 46.Qd4 Rc2+ 47.Kg3 Rg2+ 48.Kf4 Bc6 49.Qd6 Rc2
50.Kf5 Be4+ 51.Kg4 Rc6 52.Qd2 Rg6+ 53.Kf4 Bc6  0-1

[Event "29th Mem Nezhmetdinov"]
[Site "Kazan RUS"]
[Date "2007.06.09"]
[Round "9"]
[White "Fedorov,E"]
[Black "Kamov,I"]
[Result "1/2-1/2"]
[WhiteElo "2225"]
[BlackElo "2243"]

1.e4 c5 2.Nf3 e6 3.d4 cxd4 4.Nxd4 a6 5.Bd3 g6 6.O-O Bg7 7.Nb3 Qc7 8.f4 d6
9.a4 Nf6 10.Be3 O-O 11.a5 Nbd7 12.N1d2 b5 13.axb6 Nxb6 14.Na5 Nbd7 15.Ndb3 Rb8
16.Qe2 e5 17.Ra4 Nb6 18.fxe5 dxe5 19.Rb4 Ng4 20.Bc5 Re8 21.h3 Nf6 22.Qf2 Nbd7
23.Rxb8 Nxb8 24.Bb6 Qd7 25.Be3 Qc7 26.g4 Be6 27.Bb6 Qe7 28.Nc5 Bc8 29.Bc4 h6
30.Rd1 Rf8 31.b4 Kh7 32.Qd2 Nfd7 33.Ba7 Qh4 34.Qg2 h5 35.gxh5 Qxh5 36.Be2 Qh6
37.Nd3 f5 38.Nf2 Nf6 39.Bxb8 Nh5 40.Bxh5 gxh5 41.Kh1 Bf6 42.Rg1 Be6 43.exf5 Bxf5
44.Ne4 Rxb8 45.Nc6 Rf8 46.c4 Be6 47.Nxf6+ Qxf6 48.Nxe5 Rg8 49.Qe4+ Bf5 50.Qb7+ Rg7
51.Rxg7+ Qxg7 52.Qxg7+ Kxg7 53.Kh2 Kf6 54.Nc6 h4 55.Nd4 Be4 56.Nb3 Ke5 57.Nc5 Bf3
58.Nxa6 Be2 59.Nc5 Bxc4 60.Kg2 Bd5+ 61.Kf2 Kd4 62.Na4 Bc6 63.Nc5 Kc4 64.Ne6 Bd7
65.Nf4 Bxh3  1/2-1/2

[Event "National Open"]
[Site "Las Vegas USA"]
[Date "2007.06.09"]
[Round "3"]
[White "Gurbanzade,E"]
[Black "Ginsburg,M"]
[Result "1/2-1/2"]
[WhiteElo "2166"]
[BlackElo "2372"]

1.e4 c5 2.Nf3 e6 3.d4 cxd4 4.Nxd4 a6 5.Bd3 Qb6 6.Nb3 Qc7 7.O-O Nf6 8.f4 d6
9.c4 Nbd7 10.Nc3 b6 11.Be3 Bb7 12.a4 Nc5 13.Nxc5 bxc5 14.Qf3 Be7 15.Qg3 g6
16.h3 Rd8 17.Qf2 Nd7 18.Bc2 Bf6 19.Rad1 O-O 20.Rd3 Bg7 21.Rfd1 Nb8 22.Qd2 Nc6
23.Rxd6 Nd4 24.Rxd8 Rxd8 25.Bd3 Bf6 26.Kh1 Bc6 27.e5 Bh4 28.Bf2 Nf5 29.Qe1 Bxf2
30.Qxf2 Qb7 31.Bxf5 Rxd1+ 32.Nxd1 gxf5 33.Nc3 Qb4 34.Qh4 Qxb2 35.Qd8+ Kg7
36.Qf6+ Kf8 37.Nd5 exd5 38.Qh8+ Ke7 39.Qf6+  1/2-1/2

[Event "XXV Open"]
[Site "Novi Becej SRB"]
[Date "2007.06.09"]
[Round "1"]
[White "Petkovski,S"]
[Black "Brkic,D SRB"]
[Result "0-1"]
[WhiteElo "2080"]
[BlackElo "2285"]

1.e4 c5 2.Nf3 e6 3.d4 cxd4 4.Nxd4 a6 5.Bd3 g6 6.Nc3 Bg7 7.Be3 Ne7 8.Qd2 b5
9.a4 b4 10.Nce2 Nbc6 11.O-O Bb7 12.f4 f5 13.e5 O-O 14.Nb3 Nd5 15.Bc5 Rf7
16.a5 g5 17.Bc4 Nxf4 18.Nxf4 gxf4 19.Rad1 Qg5 20.Bd6 Nxe5 21.Bxe5 Bxe5 22.Rf2 Qg7
23.Qxb4 Rb8 24.Qe1 f3 25.Rfd2 Kh8 26.Rxd7 Qxg2+  0-1

[Event "XV Lasker Mem Open A"]
[Site "Barlinek POL"]
[Date "2007.06.10"]
[Round "10"]
[White "Paprocki,J"]
[Black "Kutsankov,V"]
[Result "0-1"]
[WhiteElo "2217"]
[BlackElo "2334"]

1.e4 c5 2.Nf3 e6 3.d4 cxd4 4.Nxd4 a6 5.Bd3 Nf6 6.O-O Qc7 7.Qe2 d6 8.c4 g6
9.Nc3 Bg7 10.Be3 O-O 11.Rac1 b6 12.f3 Bb7 13.Qf2 Nbd7 14.Rfd1 Rfe8 15.Bf1 Rad8
16.Qh4 Rc8 17.g4 Ne5 18.b3 Qb8 19.Bg2 Ba8 20.g5 Nfd7 21.Qg3 Nc5 22.Bf1 Bb7
23.h4 Qc7 24.Be2 Qe7 25.a3 Nc6 26.Nxc6 Rxc6 27.b4 Nd7 28.Na4 d5 29.cxd5 exd5
30.Rxc6 Bxc6 31.Nxb6 Nxb6 32.Bxb6 dxe4 33.Bc5 Qe6 34.f4 e3 35.Rd3 Bf8 36.Bd4 Qe4
37.Bxe3 Bb5 38.Rd2 Qxe3+ 39.Qxe3 Rxe3 40.Bxb5 axb5 41.Rd5 Rxa3 42.f5 Rb3
43.Rxb5 Rxb4 44.Rd5 Rxh4 45.f6 Rh5  0-1

[Event "Salongernas IM"]
[Site "Stockholm SWE"]
[Date "2007.06.10"]
[Round "2"]
[White "Smith,Ax"]
[Black "Winge,S"]
[Result "1/2-1/2"]
[WhiteElo "2251"]
[BlackElo "2285"]

1.e4 c5 2.Nf3 e6 3.d4 cxd4 4.Nxd4 a6 5.Bd3 Bc5 6.Nb3 Ba7 7.O-O Nc6 8.Qe2 Nge7
9.c4 d6 10.Nc3 e5 11.Be3 Be6 12.Nd5 O-O 13.Rac1 a5 14.Qd2 a4 15.Na1 f5 16.Nxe7+ Nxe7
17.Bxa7 Rxa7 18.Rfd1 Qb6 19.exf5 Bxf5 20.Bxf5 Nxf5 21.c5 Qd8 22.cxd6 Nd4
23.Nc2 Qxd6 24.Nxd4 exd4 25.Qxd4 Qb8 26.Qc4+ Kh8 27.Qc7 b5 28.Qxb8 Rxb8 29.g3 g6
30.Rd4 a3 31.bxa3 Rba8 32.Rh4 Kg8 33.Rb4 Rxa3 34.Rxb5 Rxa2 35.Rc7 R2a7 36.Rxa7 Rxa7
37.g4 Kg7 38.Kg2 Kf6 39.Kg3 Kg7 40.Kh4 Rf7 41.Kg3 Ra7 42.Rc5 Rb7 43.Ra5 Rc7
44.h4 Rb7 45.h5 Rc7 46.Kh4 Rf7 47.Kg3 Rb7 48.f4 Rf7 49.Rb5 Ra7 50.Kh4 Rf7
51.Rb4 Ra7 52.Rb6 Rf7 53.hxg6 Rxf4 54.Kg5 Rf8 55.Rb7+ Kg8 56.Rxh7 Rf1 57.Ra7 Rf2
58.Ra5 Kg7 59.Ra7+ Kg8 60.g7 Rb2 61.Kh6 Rb6+ 62.Kh5 Rh6+ 63.Kg5 Rb6 64.Re7 Ra6
65.Kf5 Rb6 66.g5 Ra6 67.Kg4 Rb6 68.Kh5 Ra6 69.g6 Ra5+ 70.Kh6 Rh5+ 71.Kxh5  1/2-1/2

[Event "5th V Nabokov Mem"]
[Site "Kyiv UKR"]
[Date "2007.06.11"]
[Round "10"]
[White "Ogleznev,A"]
[Black "Perun,S"]
[Result "0-1"]
[WhiteElo "2270"]
[BlackElo "2356"]

1.e4 c5 2.Nf3 e6 3.d4 cxd4 4.Nxd4 a6 5.Bd3 Qb6 6.Nb3 Qc7 7.O-O Nf6 8.Qe2 d6
9.c4 Nbd7 10.Nc3 Ne5 11.f4 Nxd3 12.Qxd3 Be7 13.Kh1 Bd7 14.Be3 Rc8 15.Nd2 O-O
16.Rac1 Rfd8 17.Qe2 Be8 18.b3 Qa5 19.a4 Nd7 20.Bd4 Bf8 21.Qf3 b5 22.axb5 axb5
23.Ra1 Qb4 24.Nxb5 e5 25.Bc3 Qc5 26.Ba5 exf4 27.Bxd8 Rxd8 28.Qxf4 Ne5 29.Nf3 Ng6
30.Qf5 Ne5 31.Nxe5 dxe5 32.h3 f6 33.Rad1 Bg6 34.Qf3 Rb8 35.Rd5 Qc6 36.Rfd1 h6
37.Qg4 Kh7 38.Rd8 Qb6 39.Rxb8 Qxb8 40.Qf3 Qb7 41.Rd5 Bb4 42.Qd3 Qa8 43.Kh2 Qa2
44.Rd7 Bc5 45.Nc3 Qf2 46.Ne2 Be3 47.Rb7 h5 48.Rd7 h4 49.Rc7 Kh6 50.b4 Bh5
51.Qd7 g6  0-1

[Event "11th Master Open"]
[Site "Voronezh RUS"]
[Date "2007.06.12"]
[Round "1"]
[White "Kryakvin,D"]
[Black "Stukopin,A"]
[Result "1-0"]
[WhiteElo "2539"]
[BlackElo "2307"]

1.e4 c5 2.Nf3 e6 3.d4 cxd4 4.Nxd4 a6 5.Bd3 Qc7 6.O-O Nf6 7.c4 Nc6 8.Nb3 Ne5
9.Qe2 Nxd3 10.Qxd3 b5 11.cxb5 axb5 12.Nc3 b4 13.Nb5 Qb8 14.Qc4 Kd8 15.Bg5 Ba6
16.N3d4 Ra7 17.Rfd1 Ke8 18.Bxf6 gxf6 19.Rac1 Bd6 20.Nxd6+ Qxd6 21.Qb3 Qb6
22.Qg3 Ke7 23.e5 fxe5 24.Nf5+ Ke8 25.Qg7 exf5 26.Qxh8+  1-0

[Event "11th Master Open"]
[Site "Voronezh RUS"]
[Date "2007.06.12"]
[Round "1"]
[White "Frolyanov,D"]
[Black "Turkin,V"]
[Result "1-0"]
[WhiteElo "2525"]
[BlackElo "2299"]

1.e4 c5 2.Nf3 e6 3.d4 cxd4 4.Nxd4 a6 5.Bd3 b5 6.O-O Bb7 7.a4 b4 8.Qe2 Ne7
9.a5 Nbc6 10.Nb3 d6 11.f4 g6 12.N1d2 Bg7 13.Nc4 d5 14.exd5 Nxd5 15.f5 Nd4
16.Nxd4 Bxd4+ 17.Kh1 gxf5 18.Bxf5 Qe7 19.Bh3 Rg8 20.Qh5 Nf6 21.Qe2 Rd8 22.c3 bxc3
23.bxc3 Bc5 24.Ne5 Ne4 25.Qc2 Nf2+ 26.Rxf2 Bxf2 27.Qa4+ Kf8 28.Bh6+ Rg7 29.Rf1 Qh4
30.Qxh4 Bxh4 31.Nxf7 Rd7 32.Nd6+ Ke7 33.Nxb7 Rf7 34.Rb1 Ke8 35.Nc5 Rc7 36.Nxa6 Rxc3
37.g3 Bd8 38.Bg2 Rf2 39.Be4 Bxa5 40.Bg5 Ra3  1-0

[Event "ch-COL w"]
[Site "Cartagena de Indias COL"]
[Date "2007.06.14"]
[Round "3"]
[White "Mateus,Mar"]
[Black "Herrera,Mil"]
[Result "1-0"]
[WhiteElo "2130"]
[BlackElo "1949"]

1.e4 c5 2.Nf3 e6 3.d4 cxd4 4.Nxd4 a6 5.Bd3 Bc5 6.Nb3 Ba7 7.Qe2 Nc6 8.Be3 d6
9.O-O b5 10.a4 bxa4 11.Rxa4 Bxe3 12.Qxe3 Nge7 13.Nc3 O-O 14.Rfa1 a5 15.e5 Nxe5
16.Qe4 Nxd3 17.Qxa8 Qb6 18.Qf3 Nxb2 19.Rxa5 Bb7 20.Qh3 Qc6 21.Nd4 Qc4 22.Rb5 Ba8
23.Nde2 d5 24.Rxb2 d4 25.Ra4 Qc6 26.Rxd4  1-0

[Event "Atlantis Meestertienkamp"]
[Site "Groningen NED"]
[Date "2007.06.14"]
[Round "7"]
[White "Kodentsov,G"]
[Black "Drenchev,P"]
[Result "1/2-1/2"]
[WhiteElo "2295"]
[BlackElo "2447"]

1.e4 c5 2.Nf3 e6 3.d4 cxd4 4.Nxd4 a6 5.Bd3 Qc7 6.O-O Nc6 7.Nxc6 Qxc6 8.c4 Ne7
9.Nc3 Ng6 10.f4 Bc5+ 11.Kh1 d6 12.Qe2 O-O 13.Bd2 Re8 14.Qh5 Bd4 15.e5 Bxc3
16.Bxc3 b6 17.Rf3 Bb7 18.Rg1 dxe5 19.Bxe5 f5 20.Rh3 Nf8 21.Bxg7 Kxg7 22.Qh6+ Kg8
23.Rg3+ Ng6 24.Rxg6+ hxg6 25.Qxg6+  1/2-1/2